| 000 | 01049nam a2200325 a 4500 | ||
|---|---|---|---|
| 005 | 20200104041514.0 | ||
| 008 | 140221b1998 xr ||||| |||| 00| 0 eng d | ||
| 020 | _a10209387 | ||
| 040 |
_aCO-BoIAVH _cCO-BoIAVH |
||
| 041 | _aeng | ||
| 082 |
_a333.95 _bS44g |
||
| 111 |
_aConvention on Biological Diversity _cBratislava, Slowakia _d1998 |
||
| 245 |
_aGlobal biodiversity outlook _bpreliminary draft |
||
| 260 |
_aPraga _bConvention _c1998 |
||
| 300 |
_a80 páginas _c28 x 21cm |
||
| 650 | 1 | 6 | _aConvenio sobre diversidad biológica |
| 650 | 1 | 6 | _aDiversidad de ecosistemas |
| 650 | 1 | 6 | _aArrecifes coralinos |
| 650 | 1 | 6 | _aBosques |
| 650 | 1 | 6 | _aManglar |
| 650 | 1 | 6 | _aConocimiento tradicional |
| 650 | 1 | 6 | _aAgroecosistemas |
| 650 | 1 | 6 | _aImpacto humano |
| 650 | 1 | 6 | _aFragmentación de bosques |
| 650 | 1 | 6 | _aDomesticación |
| 650 | 1 | 6 | _aEcosistemas acuáticos |
| 650 | 1 | 6 | _aEcosistemas costeros |
| 650 | 1 | 6 | _aEcosistemas marinos |
| 942 |
_cLIBRO _2ddc |
||
| 999 |
_c703 _d703 |
||